Adolescence : (Record no. 3214)

MARC details
000 -LEADER
fixed length control field 01660cam a22002894a 4500
001 - CONTROL NUMBER
control field 3214
003 - CONTROL NUMBER IDENTIFIER
control field FISKH
005 - DATE AND TIME OF LATEST TRANSACTION
control field 20240220100648.0
008 - FIXED-LENGTH DATA ELEMENTS--GENERAL INFORMATION
fixed length control field 010604s2002 njua b 001 0 eng
010 ## - LIBRARY OF CONGRESS CONTROL NUMBER
LC control number 2001036181
020 ## - INTERNATIONAL STANDARD BOOK NUMBER
International Standard Book Number 0130857610
020 ## - INTERNATIONAL STANDARD BOOK NUMBER
International Standard Book Number 9780130857613
040 ## - CATALOGING SOURCE
Original cataloging agency DLC
Transcribing agency DLC
Modifying agency DLC
Language of cataloging eng
042 ## - AUTHENTICATION CODE
Authentication code pcc
050 00 - LIBRARY OF CONGRESS CALL NUMBER
Classification number HQ796
Item number .L3815 2002
082 00 - DEWEY DECIMAL CLASSIFICATION NUMBER
Classification number 305.235
Edition number 21
100 1# - MAIN ENTRY--PERSONAL NAME
Personal name Lerner, Richard M.
245 00 - TITLE STATEMENT
Title Adolescence :
Remainder of title development, diversity, context, and application /
Statement of responsibility, etc. Richard M. Lerner
260 ## - PUBLICATION, DISTRIBUTION, ETC.
Place of publication, distribution, etc. Upper Saddle River, N.J. :
Name of publisher, distributor, etc. Prentice Hall,
Date of publication, distribution, etc. 2002.
300 ## - PHYSICAL DESCRIPTION
Extent 461 pages :
Other physical details color illustrations ;
Dimensions 27 cm
504 ## - BIBLIOGRAPHY, ETC. NOTE
Bibliography, etc. note Includes bibliographical references (p. 409-446) and indexes.
520 ## - SUMMARY, ETC.
Summary, etc. This text offers an integrated treatment of the central themes in the contemporary study of adolescence - development, diversity, context, and application. Specifically, it enables students to understand the bases of the developmental changes young people experience during the adolescent period; to appreciate the important instances of diversity to recognize the important role played in adolescent development of the different instances of the context, or ecology, of human development, and to understand the ways in which knowledge about adolescent development, diversity, and context may be applied to promote positive development among young people. This integration of themes helps students appreciate the dynamic character of the field of adolescent development today.
650 #0 - SUBJECT ADDED ENTRY--TOPICAL TERM
Topical term or geographic name entry element Adolescence.
650 #0 - SUBJECT ADDED ENTRY--TOPICAL TERM
Topical term or geographic name entry element Adolescent psychology.
906 ## - LOCAL DATA ELEMENT F, LDF (RLIN)
a 7
b cbc
c orignew
d 1
e ocip
f 20
g y-gencatlg
942 ## - ADDED ENTRY ELEMENTS (KOHA)
Source of classification or shelving scheme Dewey Decimal Classification
Koha item type Books
Suppress in OPAC No
Holdings
Withdrawn status Lost status Source of classification or shelving scheme Damaged status Not for loan Collection Home library Current library Shelving location Date acquired Total Checkouts Full call number Barcode Date last seen Price effective from Koha item type
    Dewey Decimal Classification     Non-Fiction Footprints International School Library Network Toul Kork Campus Footprints International School Library Network Toul Kork Campus   02/20/2024   LER 305.235 HQ796.L3815 FISSE04324 02/20/2024 02/20/2024 Books